SOFTWARE ENGINEERING (Record no. 215917)

MARC details
000 -LEADER
fixed length control field 00425nam a22001697a 4500
008 - FIXED-LENGTH DATA ELEMENTS--GENERAL INFORMATION
fixed length control field 250717b |||||||| |||| 00| 0 eng d
020 ## - INTERNATIONAL STANDARD BOOK NUMBER
International Standard Book Number 978-93-325-8269-9
100 ## - MAIN ENTRY--PERSONAL NAME
Personal name SOMMERVILLE IAN
245 ## - TITLE STATEMENT
Title SOFTWARE ENGINEERING
250 ## - EDITION STATEMENT
Edition statement 10TH ED.
260 ## - PUBLICATION, DISTRIBUTION, ETC.
Place of publication, distribution, etc. NEW DELHI
Name of publisher, distributor, etc. PEARSON
Date of publication, distribution, etc. 2017
300 ## - PHYSICAL DESCRIPTION
Extent 808P.
500 ## - GENERAL NOTE
General note INCLUDES AN INDEX
650 ## - SUBJECT ADDED ENTRY
Topical term or geographic name entry element SOFTWARE ENGINEERING
942 ## - ADDED ENTRY ELEMENTS (KOHA)
Source of classification or shelving scheme Library of Congress Classification
Koha item type Long Loan Book
Holdings
Withdrawn status Lost status Source of classification or shelving scheme Damaged status Not for loan Collection Home library Current library Shelving location Date acquired Inventory number Total checkouts Full call number Barcode Date last seen Copy number Price effective from Koha item type
    Library of Congress Classification     Science & Technology Kisii University Library Kisii University Library On Display 07/17/2025 978-93-325-8269-9   QA 76.758 .S66 2017 000000019186 07/17/2025 1 07/17/2025 Long Loan Book